000 00832nam a22002777a 4500
001 BR7303443
003 BR-BrBNA
005 20230928083954.0
007 ta
008 230509b bl.||||| |||| 00| 0 por d
040 _aBR-BrBNA
_bpor
_cBiblioteca Nacional de Agricultura
041 _a(Por)
072 _aE10
_b2110
_b/G514
090 _ 2110 BR7303443
110 1 _aComissao Executiva do Plano de Recuperacao Economico-Rural da Lavoura Cacaueira, Ilheus, BA (Brasil)
_92138
245 1 _aEmprestimos a cacauicultura. Municipios beneficiados em 1968; estatisticas [Brasil]
260 3 _aIlheus, BA (Brasil):
_c1968.
300 _a17 p.
500 _aNumerical data
650 _aCacau
650 _aInvestimento
650 _aFinanciamento
650 _aBahia
909 _a202309
_bLucia
_c55
_dLucia Elande
942 _cBK
999 _c16085
_d16085